| 000 | 00467nam a2200121Ia 4500 | ||
|---|---|---|---|
| 008 | 171212s9999 xx 000 0 und d | ||
| 020 | _a9780874215991 | ||
| 245 |
_ceditor Spigelman, Candace;Grobman, Laurie _aOn Location _bTheory and Practice in Classroom-Based Writing Tutoring |
||
| 260 |
_bUniversity Press of Colorado _c2005 |
||
| 650 | _aEducation | ||
| 650 | _aPeer-group tutoring of students; Writing centers | ||
| 856 | _uwww.jstor.org/stable/10.2307/j.ctt46nxr5 | ||
| 999 |
_c353132 _d353132 |
||